000 03123cam a22005294i 4500
003 PE-LiUPU
005 20250731175639.0
008 150706s2002 xxka r 000 0 spa d
020 _a9780521626002
035 _a(Sirsi) i9780521626002
040 _aPE-LiUPU
_bspa
_cPE-LiUPU
_erda
049 _aPRUA
082 0 4 _a428.24
_bM95
_221
100 1 _aMurphy, Raymond,
_eautor.
245 1 0 _aBasic grammar in use :
_bwith answers /
_cRaymond Murphy y William R. Smalzer.
250 _a2a
264 1 _aCambridge :
_bCambridge University Press,
_c2002.
300 _a302 páginas :
_bilustraciones ;
_c26 centímetros
300 _aCD-ROM
336 _atext
_2rdacontent
337 _aunmediated
_2rdamedia
338 _avolume
_2rdacarrier
505 0 _aPresent -- Past -- Present perfect -- Passive -- Verb forms -- Future -- Modals, imperatives, etc -- There and it -- Auxiliary verbs -- Questions -- Reported Speech -- Go, get, do, make, and have -- Pronouns and possessives -- A and the -- Determiners and pronouns -- Adjectives and adverbs -- Word order -- Prepositions -- Two-words verbs -- Conjunctions and Clauses.
526 _aP145
526 _aP127
526 _aP97
526 _aP35
526 _aP14
526 _aP07
541 _g002-0042777;
650 0 4 _aInglés
_xGramática
_vProblemas, ejercicios, etc.
650 0 4 _aInglés
_xLibros de texto.
700 1 _aSmalzer, William R.,
_eautor.
910 _bjv
_clchd20110720
942 _2ddc
_cBOOK
949 _a428.24957 M95
_wDEWEY
_c1
_i62163
_d2016-9-9
_e2016-9-9
_lCCODEBUL1
_mBUL
_n3
_p37.00
_r0
_sY
_tBOOK
_u2015-7-6
_xEDUCACION
_PP20
_0COMPRA
_o.STAFF. Colección General
949 _a428.24 M95 2002
_wDEWEY
_c1
_iFJ02577
_lCCODEBUJ1
_mBUJ
_p38.00
_r0
_sY
_tBOOK
_u2015-07-06
_xEDUCACIÓN
_zPRIM
_o.STAFF -- Colección General Juliaca
949 _a428.24 M95 2002
_wDEWEY
_c2
_iFJ02581
_lCCODEBUJ1
_mBUJ
_p38.00
_r0
_sY
_tBOOK
_u2015-07-06
_xEDUCACIÓN
_zPRIM
_o.STAFF -- Colección General Juliaca
949 _a428.24 M95 2002
_wDEWEY
_c3
_iFJ02582
_lCCODEBUJ1
_mBUJ
_p38.00
_r0
_sY
_tBOOK
_u2015-07-06
_xEDUCACIÓN
_zPRIM
_o.STAFF -- Colección General Juliaca
994 _aC0
_bPEPRU
596 _a1 3
999 _a428.24 M95
_wDEWEY
_c52209
_i63207
_d52209
_e2019-4-2
_f2021-11-8
_g5
_lCCODEBUL1
_mBUL
_n5
_p37.00
_q5
_r0
_sY
_tBOOK
_u2015-7-6
_xEDUCACION
_PP20
_0COMPRA
_o.STAFF. Colección General
999 _a428.24 M95 2002
_wDEWEY
_c1
_iFJ02577
_d2022-6-9
_e2022-6-3
_f2022-1-19
_g4
_lCCODEBUJ1
_mBUJ
_n3
_p28.00
_q3
_r0
_sY
_tBOOK
_u2016-10-5
_xEDUCACION
_PP14
_0COMPRA
_o.STAFF. Colección General Juliaca
999 _a428.24 M95 2002
_wDEWEY
_c2
_iFJ02581
_d2022-5-24
_e2022-5-17
_f2022-1-19
_g4
_lCCODEBUJ1
_mBUJ
_n2
_p28.00
_q2
_r0
_sY
_tBOOK
_u2016-10-5
_xEDUCACION
_PP14
_0COMPRA
_o.STAFF. Colección General Juliaca
999 _a428.24 M95 2002
_wDEWEY
_c3
_iFJ02582
_d2017-11-7
_e2017-11-3
_f2022-1-19
_g3
_lCCODEBUJ1
_mBUJ
_n2
_p28.00
_q1
_r0
_sY
_tBOOK
_u2016-10-5
_xEDUCACION
_PP14
_0COMPRA
_o.STAFF. Colección General Juliaca
980 _81
_gALBERTO SANCHEZ Responsable de Automatización